000 00329 a2200157 4500
001 49015
040 _cAnchieta - Bela Vista
100 _aDreguer, Ricardo
240 1 0 _aBia na África
_lpor
245 1 0 _aBia na África
300 _a47
362 0 _a2007
440 1 _aModerna
650 4 _aLiteratura juvenil
942 _cBK
999 _c49015
_d49015